Atlas of human anatomy / (Record no. 4877)
[ view plain ]
| 000 -LEADER | |
|---|---|
| fixed length control field | 00880cam a2200229 a 4500 |
| 020 ## - INTERNATIONAL STANDARD BOOK NUMBER | |
| International Standard Book Number | 1929007116 (pbk.) |
| 020 ## - INTERNATIONAL STANDARD BOOK NUMBER | |
| International Standard Book Number | 1929007124 (case bound) |
| 020 ## - INTERNATIONAL STANDARD BOOK NUMBER | |
| International Standard Book Number | 1929007175 (Int'l. student ed.) |
| 035 ## - SYSTEM CONTROL NUMBER | |
| System control number | (DLC) 2002110663 |
| 082 00 - DEWEY DECIMAL CLASSIFICATION NUMBER | |
| Classification number | 611/.0022/2 |
| Edition number | 21 |
| Author Mark | NET |
| 100 1# - MAIN ENTRY--PERSONAL NAME | |
| Author Name | Netter, Frank H. |
| Fuller form of name | (Frank Henry), |
| 245 10 - TITLE STATEMENT | |
| Title | Atlas of human anatomy / |
| Statement of responsibility, etc. | by Frank H. Netter ; John T. Hansen, consulting editor. |
| 250 ## - EDITION STATEMENT | |
| Edition statement | 3rd ed. |
| 260 ## - PUBLICATION, DISTRIBUTION, ETC. | |
| Place of publication, distribution, etc. | Teterboro, N.J. : |
| Name of publisher, distributor, etc. | Icon Learning Systems, |
| Date of publication, distribution, etc. | 2003. |
| 300 ## - PHYSICAL DESCRIPTION | |
| No of Pages | 1 v. (various pagings) : |
| illustrations | ill. (chiefly col.) ; |
| Dimensions | 29 cm. |
| 504 ## - BIBLIOGRAPHY, ETC. NOTE | |
| Bibliography, Index, etc. note | Includes bibliographical references and index. |
| 650 #0 - SUBJECT ADDED ENTRY--TOPICAL TERM | |
| Subject | Human anatomy |
| Keywords | Atlases. |
| 650 #2 - SUBJECT ADDED ENTRY--TOPICAL TERM | |
| Subject | Anatomy |
| Keywords | atlases. |
| 906 ## - LOCAL DATA ELEMENT F, LDF (RLIN) | |
| a | 7 |
| b | cbc |
| c | orignew |
| d | 3 |
| e | epcn |
| f | 20 |
| g | y-gencatlg |
| 942 ## - ADDED ENTRY ELEMENTS (KOHA) | |
| Source of classification or shelving scheme | |
| Koha item type | Books |
| 952 ## - LOCATION AND ITEM INFORMATION (KOHA) | |
| -- | 2018-03-16 |
| Withdrawn status | Lost status | Source of classification or shelving scheme | Damaged status | Not for loan | Home library | Current library | Shelving location | Date acquired | Total Checkouts | Full call number | Barcode | Date last seen | Koha item type |
|---|---|---|---|---|---|---|---|---|---|---|---|---|---|
| Islamabad Medical and Dental College | Islamabad Medical and Dental College | Islamabad Medical and Dental College | 16/03/2018 | 611/.0022/2 NET | 6606 | 16/03/2018 | Books |
